The meaning of the glorious Qurʼān, Vol.-2 : (Record no. 25184)

MARC details
000 -LEADER
fixed length control field 01050cam a2200289 a 4500
001 - CONTROL NUMBER
control field 2816710
003 - CONTROL NUMBER IDENTIFIER
control field BDDh-ASL
005 - DATE AND TIME OF LATEST TRANSACTION
control field 20231015030447.0
008 - FIXED-LENGTH DATA ELEMENTS--GENERAL INFORMATION
fixed length control field 820920s1980 ua b 000 0 eng
010 ## - LIBRARY OF CONGRESS CONTROL NUMBER
LC control number 82209357
040 ## - CATALOGING SOURCE
Original cataloging agency DLC
Transcribing agency DLC
Modifying agency DLC
-- BDDh-ASL
041 0# - LANGUAGE CODE
Language code of text/sound track or separate title engara
050 00 - LIBRARY OF CONGRESS CALL NUMBER
Classification number BP109
Item number 1980b
082 00 - DEWEY DECIMAL CLASSIFICATION NUMBER
Classification number 297.1225
Edition number 19
Item number GLO
130 0# - MAIN ENTRY--UNIFORM TITLE
Uniform title Qurʼan.
Language of a work English & Arabic.
245 14 - TITLE STATEMENT
Title The meaning of the glorious Qurʼān, Vol.-2 :
Remainder of title text, translation and commentary /
Statement of responsibility, etc. by Abdullah Yusuf Ali.
260 ## - PUBLICATION, DISTRIBUTION, ETC.
Place of publication, distribution, etc. [Cairo, Egypt] :
Name of publisher, distributor, etc. Dar al-Kitab al-Masri ;
Place of publication, distribution, etc. [Beirut, Lebanon] :
Name of publisher, distributor, etc. Dar al-Kitab Allubnani,
Date of publication, distribution, etc. [1980?]
300 ## - PHYSICAL DESCRIPTION
Extent V-2, (zi, 925-1862 p.) ;
Dimensions 22 cm.
500 ## - GENERAL NOTE
General note Title on added t.p.: al-Qurʼān al-karīm, tarjamat maʻānī.
500 ## - GENERAL NOTE
General note Arabic and English.
504 ## - BIBLIOGRAPHY, ETC. NOTE
Bibliography, etc. note Bibliography: v. 1, p. xvi.
650 #0 - SUBJECT ADDED ENTRY--TOPICAL TERM
9 (RLIN) 1854
Topical term or geographic name entry element Quran
General subdivision Translated
700 1# - ADDED ENTRY--PERSONAL NAME
Personal name Ali, Abdullah Yusuf,
Dates associated with a name 1872-1952.
740 0# - ADDED ENTRY--UNCONTROLLED RELATED/ANALYTICAL TITLE
Uncontrolled related/analytical title Qurʼān al-karīm, tarjamat maʻānī.
906 ## - LOCAL DATA ELEMENT F, LDF (RLIN)
a 7
b cbc
c orignew
d 3
e ncip
f 19
g y-gencatlg
942 ## - ADDED ENTRY ELEMENTS (KOHA)
Source of classification or shelving scheme Dewey Decimal Classification
Koha item type Books
Holdings
Withdrawn status Lost status Source of classification or shelving scheme Damaged status Not for loan Collection code Home library Current library Shelving location Date acquired Source of acquisition Serial Enumeration / chronology Total Checkouts Full call number Barcode Date last seen Copy number Price effective from Koha item type
    Dewey Decimal Classification     Non-fiction Asiatic Society Library Asiatic Society Library General Stacks 06/23/2021 Complimentary V-2   297.1225 GLO 109907 06/23/2021 C-1 06/23/2021 Books

Powered by Koha